000
00446nam a2200145Ia 4500
008
151213s9999 xx 000 0 und d
100
_a
আতা সরকার
245
_a
বালিকা বিষয়ক গল্প।
_c
আতা সরকার
260
_a
ঢাকা
_b
এবি আই।
_c
2004
300
_a
8444 p.
650
_a
Bangla
650
_a
Bengali Literature
700
_a
আতা সরকার
999
_c
4282
_d
4282